| 000 | 00947nam a2200253Ia 4500 | ||
|---|---|---|---|
| 003 | OSt | ||
| 005 | 20221005112515.0 | ||
| 006 | a|||||r|||| 00| 0 | ||
| 007 | ta | ||
| 008 | 221004b |||||||| |||| 00| 0 pan d | ||
| 020 |
_a9789350176313 (hbk) _c300 |
||
| 024 | _a5592 | ||
| 037 |
_b710, 26/06/2013, H.K. Prakashan _cTextual |
||
| 040 |
_aCRL _cCRL _bpan |
||
| 041 |
_2pan _apan |
||
| 082 | _aQ8441wI169:g, 153Q1 | ||
| 100 | _aਬੈਨੀਪਾਲ, ਪਰਮਿੰਦਰ ਸਿੰਘ | ||
| 245 | 0 | _aਗੁਰੂ ਨਾਨਕ ਬਾਣੀ ਦਾ ਕਾਵਿ Fਾਸਤਰੀ ਅਧਿਐਨ | |
| 260 |
_aਚੰਡੀਗੜ _bਂਲੋਕਗੀਤ ਪ੍ਰਕਾFਨ ਭਾਰਤ _c2011 |
||
| 300 |
_a206ਪੰ _ccm. |
||
| 650 | _aਧਰਮ | ||
| 942 |
_hQ8441wI169:g, 153Q1 _cTEXL _2cc |
||
| 999 |
_c1025094 _d1025094 |
||